Vista normal
Vista MARC
Entrada Personal Name
Número de registros utilizados en: 1
001 - CONTROL NUMBER
- control field: 17843
003 - CONTROL NUMBER IDENTIFIER
- control field: ISNI
005 - DATE AND TIME OF LATEST TRANSACTION
- control field: 20260212154900.0
008 - FIXED-LENGTH DATA ELEMENTS
- fixed length control field: 260212|| aca||aabn | a|a d
035 ## - SYSTEM CONTROL NUMBER
- System control number: (ISNI)0000000002168086
035 ## - SYSTEM CONTROL NUMBER
- System control number: (OCoLC)0000000002168086
040 ## - CATALOGING SOURCE
- Original cataloging agency: Mx-PuUPA
- Language of cataloging: spa
- Transcribing agency: Mx-PuUPA
- Modifying agency: Mx-PuUPA
- Description conventions: rda
100 1# - HEADING--PERSONAL NAME
- Personal name: Philippe Gérard,
- Titles and other words associated with a name: consultor en comunicación
374 ## - OCCUPATION
- Occupation: Autor
375 ## - GENDER
- Gender: hombre
377 ## - ASSOCIATED LANGUAGE
- Language code: eng
400 1# - SEE FROM TRACING--PERSONAL NAME
- Personal name: Gérard, Philippe
- Titles and other words associated with a name: consultor
400 1# - SEE FROM TRACING--PERSONAL NAME
- Personal name: Gérard, Philippe ‡d 19..-...
- Titles and other words associated with a name: consultor en comunicación
670 ## - SOURCE DATA FOUND
- Source citation: Fundación Chileno Francesa de Formación y Desarrollo
670 ## - SOURCE DATA FOUND
- Source citation: Comunicación organizacional, 2023:
- Information found: t.p. (Philippe Gérard) portada